000 00716nam a2200217 a 4500
001 000022085
005 20200930011557.0
008 100916s1971 ag a 000 0 spa d
040 _aDO-SdBNP
_bspa
_cBNPHU
082 _ann*
_bnn*
100 1 _aPosell, Elsa Z.
_945757
240 1 0 _aAmerican composers
_lEspañol
245 1 3 _aLa musica actual en los Estados Unidos /
_cElsa Z. Posell ; traducción Horacio Saavedra.
260 _aBuenos Aires :
_bRodolfo Alonso,
_c1971.
300 _a121 p. :
_bil. ;
_c18 cm.
490 1 _aMusica y Musicos
534 _aTítulo de la edición original :
_tAmerican composers
700 1 _aSaavedra, Horacio,
_etr.
_945758
830 0 _aMusica y Musicos
_911964
049 _aBNGR
999 _c21583
_d21583